<?xml version="1.0" encoding="UTF-8"?>
<marc:record xmlns:marc="http://www.loc.gov/MARC21/slim">
   <marc:leader>00000nam a2200000 a 4500</marc:leader>
   <marc:datafield ind1="1" ind2=" " tag="100">
      <marc:subfield code="a">Dazieri, Sandrone</marc:subfield>
      <marc:subfield code="4">aut</marc:subfield>
      <marc:subfield code="e">Verfasser/-in</marc:subfield>
   </marc:datafield>
   <marc:datafield ind1="1" ind2=" " tag="100">
      <marc:subfield code="a">Franz, Claudia</marc:subfield>
      <marc:subfield code="4">trl</marc:subfield>
      <marc:subfield code="e">Übersetzer/-in</marc:subfield>
   </marc:datafield>
   <marc:datafield ind1="0" ind2="0" tag="245">
      <marc:subfield code="a">Opferstille</marc:subfield>
   </marc:datafield>
   <marc:datafield ind1="0" ind2="0" tag="245">
      <marc:subfield code="b">Thriller</marc:subfield>
   </marc:datafield>
   <marc:datafield ind1="0" ind2="0" tag="245">
      <marc:subfield code="c">Sandrone Dazieri</marc:subfield>
   </marc:datafield>
   <marc:datafield ind1=" " ind2="1" tag="264">
      <marc:subfield code="a">München</marc:subfield>
      <marc:subfield code="b">Piper</marc:subfield>
      <marc:subfield code="c">2021</marc:subfield>
   </marc:datafield>
   <marc:datafield ind1=" " ind2=" " tag="250">
      <marc:subfield code="a">Deutsche Erstausgabe</marc:subfield>
   </marc:datafield>
   <marc:datafield ind1="1" ind2=" " tag="520">
      <marc:subfield code="a">Angaben aus der Verlagsmeldung

Opferstille : Thriller Il re di denari / von Sandrone Dazieri

Ein fesselnder Thriller über die Tiefen menschlicher Abgründe

Der junge Mann ist blutverschmiert, spricht kaum ein Wort und hat nur einen Zettel mit seinem Namen bei sich: Tommy. So findet Colomba Caselli ihn in ihrem Schuppen vor. Seit sie vor eineinhalb Jahren bei einem Einsatz fast ums Leben kam, lebt die ehemalige Polizistin zurückgezogen auf dem Land. Ihr genialer Partner Dante Torre wird seitdem vermisst. Doch der mysteriöse Tommy weckt ihr Interesse. Der Fall führt sie schnell zurück in die Vergangenheit und bringt sie auf die Spuren eines Kindesentführers, der „Der Vater“ genannt wird. Auch Dante war eines seiner Opfer – doch Colomba hat ihn eigentlich vor Jahren getötet …

„Ein Thriller voll Action und Adrenalin.“ La Lettura  

</marc:subfield>
   </marc:datafield>
   <marc:datafield ind1=" " ind2=" " tag="020">
      <marc:subfield code="a">9783492315807</marc:subfield>
      <marc:subfield code="9">9783492315807</marc:subfield>
   </marc:datafield>
   <marc:datafield ind1=" " ind2=" " tag="020">
      <marc:subfield code="a">3492315801</marc:subfield>
      <marc:subfield code="9">3492315801</marc:subfield>
   </marc:datafield>
   <marc:datafield ind1=" " ind2=" " tag="300">
      <marc:subfield code="a">528 Seiten</marc:subfield>
   </marc:datafield>
</marc:record>
